[Event "Championnat de France 2022"]
[Site "ALBI, France"]
[Date "2022.08.17"]
[Round "5.1"]
[White "Kibleur, Christophe"]
[Black "Prie, Eric"]
[Result "0-1"]
[WhiteElo "1838"]
[BlackElo "2377"]
[PlyCount "90"]
[EventDate "2022.??.??"]

1. e4 {4} d5 {10} 2. exd5 {41} Qxd5 {10} 3. Nf3 {20} Bg4 {10} 4. Be2 {33} Nc6 {
10} 5. h3 {90} Bxf3 {56} 6. Bxf3 {70} Qe6+ {5} 7. Qe2 {42} Qxe2+ {12} 8. Bxe2 {
29} O-O-O {94} 9. c3 {150} e5 {61} 10. d3 {43} g6 {56} 11. O-O {521} Bh6 {315}
12. Bxh6 {147} Nxh6 {9} 13. Nd2 {8} f5 {234} 14. a4 {155} Nf7 {158} 15. Rfe1 {
123} h5 {538} 16. b4 {306} Ne7 {278} 17. Ra3 {709} Nd5 {475} 18. Bf1 {681} Nf4
{149} 19. Nf3 {708} Rhe8 {772} 20. d4 {179} e4 {339} 21. Nh4 {199} Re6 {1144}
22. Raa1 {399} Rf6 {39} 23. g3 {115} Nd5 {35} 24. Rac1 {107} Ng5 {461} 25. Kg2
{248} f4 {37} 26. Bc4 {67} c6 {84} 27. Bxd5 {43} cxd5 {106} 28. c4 {230} Kd7 {
157} 29. cxd5 {117} f3+ {25} 30. Kh2 {213} Kd6 {228} 31. Rc3 {35} Rg8 {74} 32.
Rc5 {118} Rf7 {28} 33. a5 {79} Rc7 {134} 34. Nxg6 {170} Rxg6 {19} 35. h4 {7}
Nf7 {149} 36. Rxc7 {50} Kxc7 {5} 37. Rxe4 {7} Nh6 {10} 38. Re7+ {47} Kd6 {6}
39. Rxb7 {9} Ng4+ {5} 40. Kg1 {17} Kxd5 {34} 41. Rf7 {54} Rf6 {102} 42. Rd7+ {
83} Kc4 {64} 43. Rxa7 {80} Re6 {70} 44. Rc7+ {14} Kxb4 {15} 45. Rc1 {5} Re2 {18
} 0-1

[Event "Championnat de France 2022"]
[Site "ALBI, France"]
[Date "2022.08.17"]
[Round "5.3"]
[White "Kirszenberg, Marc"]
[Black "Veron, Cyprien"]
[Result "1/2-1/2"]
[WhiteElo "2034"]
[BlackElo "1901"]
[PlyCount "43"]
[EventDate "2022.??.??"]

1. d4 {6} Nf6 {12} 2. c4 {4} g6 {8} 3. Nc3 {4} Bg7 {7} 4. Nf3 {4} O-O {13} 5.
Bf4 {3} d6 {14} 6. h3 {4} c5 {31} 7. e3 {4} Bf5 {80} 8. Be2 {272} Nc6 {86} 9.
d5 {1199} Nb4 {65} 10. O-O {7} Ne4 {135} 11. Nxe4 {168} Bxe4 {447} 12. a3 {143}
Bxf3 {259} 13. Bxf3 {149} Na6 {26} 14. Rb1 {105} Qa5 {229} 15. e4 {623} Bd4 {
770} 16. Re1 {320} Qc7 {234} 17. Qe2 {222} e5 {170} 18. Bh6 {215} Rfe8 {413}
19. Qd2 {439} Qe7 {65} 20. Bg5 {13} f6 {6} 21. Bh4 {50} Nc7 {68} 22. Be2 {569}
1/2-1/2

[Event "Championnat de France 2022"]
[Site "ALBI, France"]
[Date "2022.08.17"]
[Round "5.4"]
[White "Dussol, Pierre"]
[Black "Hileyan, Michel"]
[Result "1-0"]
[WhiteElo "2026"]
[BlackElo "1813"]
[PlyCount "71"]
[EventDate "2022.??.??"]

1. d4 {11} f5 {6} 2. g3 {59} Nf6 {12} 3. Bg2 {13} d6 {52} 4. c4 {113} g6 {14}
5. Nc3 {55} Bg7 {5} 6. Nf3 {70} c6 {14} 7. O-O {36} O-O {18} 8. Qc2 {271} Na6 {
188} 9. Re1 {299} Qc7 {50} 10. e4 {325} fxe4 {86} 11. Nxe4 {38} Nxe4 {30} 12.
Qxe4 {89} Bf5 {27} 13. Qh4 {591} e5 {108} 14. dxe5 {862} dxe5 {22} 15. Bd2 Rfe8
{1082} 16. Bc3 Nc5 {603} 17. Rad1 Nd7 {557} 18. g4 Be6 {494} 19. Ng5 Nf8 {171}
20. Ne4 Red8 {1229} 21. Nf6+ Kf7 {285} 22. g5 Rxd1 {387} 23. Rxd1 Nd7 {460} 24.
Be4 Rh8 {573} 25. Nxd7 Bxd7 {289} 26. f4 Be6 {873} 27. Rf1 Bxc4 {302} 28. Rf2
Ke7 {225} 29. f5 gxf5 {180} 30. Bxf5 Qd6 {184} 31. Qxc4 Qd1+ 32. Rf1 Qd5 33.
Bb4+ {180} Kd8 {44} 34. Qg4 {40} Qd4+ {21} 35. Kh1 {42} Qxg4 {37} 36. Bxg4 {181
} 1-0

[Event "Championnat de France 2022"]
[Site "ALBI, France"]
[Date "2022.08.17"]
[Round "5.5"]
[White "Rocher, Olivier"]
[Black "Salus, Stephane"]
[Result "1/2-1/2"]
[WhiteElo "1960"]
[BlackElo "1984"]
[PlyCount "35"]
[EventDate "2022.??.??"]

1. d4 {3} g6 {124} 2. Nf3 {243} Bg7 {220} 3. e4 {81} d6 {35} 4. Be2 {91} Nf6 {
34} 5. Nc3 {13} O-O {52} 6. O-O {38} Nc6 {206} 7. h3 {99} e5 {476} 8. Be3 {348}
exd4 {1193} 9. Nxd4 {106} Bd7 {213} 10. Nxc6 {1283} Bxc6 {140} 11. Bd4 {193}
Re8 {261} 12. f3 {92} a6 {533} 13. Re1 {704} d5 {687} 14. exd5 {597} Nxd5 {36}
15. Nxd5 {119} Qxd5 {37} 16. Bxg7 {39} Qxd1 {193} 17. Raxd1 {18} Kxg7 {7} 18.
Bc4 {141} 1/2-1/2

[Event "Championnat de France 2022"]
[Site "ALBI, France"]
[Date "2022.08.18"]
[Round "6.2"]
[White "Brongers, Henk"]
[Black "Bianchi, Guillaume"]
[Result "0-1"]
[WhiteElo "2046"]
[BlackElo "2109"]
[PlyCount "78"]
[EventDate "2022.??.??"]

1. e4 {3} c5 {26} 2. Nf3 {29} d6 {54} 3. d4 {11} cxd4 {7} 4. Nxd4 {8} Nf6 {6}
5. Nc3 {8} a6 {13} 6. Bc4 {56} e6 {22} 7. O-O {41} Be7 {90} 8. Qf3 {221} Qc7 {
150} 9. Bb3 {12} b5 {281} 10. Qg3 {71} O-O {39} 11. Bh6 {32} Ne8 {7} 12. Rad1 {
22} Bd7 {87} 13. Be3 {109} Nc6 {663} 14. f4 {180} b4 {586} 15. Nce2 {618} a5 {
965} 16. f5 {995} Nxd4 {88} 17. Nxd4 {59} e5 {106} 18. Nf3 {721} Bc6 {385} 19.
Ng5 {368} Nf6 {428} 20. Nxf7 {598} Rxf7 {327} 21. Bh6 {180} Bf8 {548} 22. Bg5 {
1185} Nxe4 {175} 23. Qh4 {7} Nxg5 {140} 24. Qxg5 {2} d5 {98} 25. f6 {28} g6 {46
} 26. c4 {59} bxc3 {95} 27. bxc3 {2} a4 {270} 28. Bc2 {3} e4 {11} 29. c4 {27}
Rd8 {76} 30. cxd5 {17} Rxd5 {83} 31. Rxd5 {29} Bxd5 {6} 32. Bxa4 {27} Bxa2 {114
} 33. Be8 {15} Qc5+ {31} 34. Qxc5 {9} Bxc5+ {3} 35. Kh1 {24} Rc7 {54} 36. g4 {
388} e3 {44} 37. h4 {7} e2 {63} 38. f7+ {76} Bxf7 {40} 39. Bxf7+ {14} Rxf7 {4}
0-1

[Event "Championnat de France 2022"]
[Site "ALBI, France"]
[Date "2022.08.18"]
[Round "6.3"]
[White "Ricter, Jean-Paul"]
[Black "Bonnafous, Michel"]
[Result "1/2-1/2"]
[WhiteElo "2036"]
[BlackElo "1899"]
[PlyCount "95"]
[EventDate "2022.??.??"]

1. e4 {9} e5 {10} 2. f4 {71} d5 {26} 3. Nf3 {22} exf4 {167} 4. exd5 {25} Nf6 {
12} 5. Bb5+ {268} c6 {27} 6. dxc6 {111} Nxc6 {25} 7. c3 {443} Bd6 {299} 8. d4 {
155} O-O {89} 9. O-O {100} Bg4 {691} 10. Nbd2 {588} Ne7 {782} 11. Bd3 {428} Ng6
{214} 12. Qb3 {198} Qc7 {215} 13. Nc4 {147} Be6 {25} 14. Qb5 {626} Bd7 {729}
15. Qb3 {92} Be6 {6} 16. Qb5 {15} Bd7 {7} 17. Qa5 {134} b6 {39} 18. Qa6 {18}
Bc8 {16} 19. Qa4 {22} Bd7 {288} 20. Qc2 {35} Rae8 {210} 21. Nxd6 {88} Qxd6 {2}
22. Ne5 {358} Nd5 {56} 23. Nxd7 {234} Qxd7 {7} 24. Bxg6 {29} fxg6 {54} 25. Bd2
{283} g5 {519} 26. Rae1 {59} Nf6 {26} 27. Rxe8 {265} Rxe8 {40} 28. Re1 {85}
Rxe1+ {299} 29. Bxe1 {2} Qe7 {71} 30. Bf2 {276} Ng4 {521} 31. h3 {110} Nf6 {17}
32. Kf1 {68} g6 {116} 33. Qe2 {53} Ne4 {28} 34. c4 {345} h5 {10} 35. d5 {29}
Kf7 {42} 36. b4 {168} Qe5 {13} 37. Kg1 {181} g4 {19} 38. hxg4 hxg4 39. d6 {90}
g3 {150} 40. Be1 {7} Qd4+ {51} 41. Kh1 {587} Nxd6 {34} 42. Qf3 {286} Nxc4 {486}
43. Bxg3 {112} Qa1+ {39} 44. Kh2 {21} Qh8+ {10} 45. Kg1 {26} Qd4+ {123} 46. Bf2
{1199} Qf6 {443} 47. Qb7+ {11} Ke6 {5} 48. Qxa7 {46} 1/2-1/2

[Event "Championnat de France 2022"]
[Site "ALBI, France"]
[Date "2022.08.18"]
[Round "6.4"]
[White "Garrel, Alain"]
[Black "Kirszenberg, Marc"]
[Result "1/2-1/2"]
[WhiteElo "1940"]
[BlackElo "2034"]
[PlyCount "22"]
[EventDate "2022.??.??"]

1. d4 {23} d5 {10} 2. c4 {25} c6 {6} 3. cxd5 {34} cxd5 {4} 4. Bf4 {35} Nf6 {12}
5. Nc3 {41} Nc6 {19} 6. e3 {121} g6 {94} 7. Nf3 {554} Bg7 {34} 8. Rc1 {271} O-O
{146} 9. Bd3 {63} a6 {25} 10. O-O {47} Bf5 {654} 11. Bxf5 {368} gxf5 {3}
1/2-1/2

[Event "Championnat de France 2022"]
[Site "ALBI, France"]
[Date "2022.08.18"]
[Round "6.5"]
[White "Veron, Cyprien"]
[Black "Bureau, Frederic"]
[Result "1-0"]
[WhiteElo "1901"]
[BlackElo "2003"]
[PlyCount "87"]
[EventDate "2022.??.??"]

1. Nf3 {3} c5 {21} 2. c4 {9} g6 {21} 3. d4 {9} cxd4 {29} 4. Nxd4 {8} Bg7 {35}
5. e4 {58} Nc6 {46} 6. Nb3 {85} d6 {372} 7. Be2 {180} Be6 {116} 8. O-O {74} Rc8
{100} 9. c5 {137} Bxb3 {642} 10. Qxb3 {415} Nd4 {57} 11. Qa4+ {282} Qd7 {98}
12. Qxd7+ {38} Kxd7 {10} 13. Bg4+ {55} f5 {85} 14. exf5 {105} gxf5 {35} 15. Bd1
{77} dxc5 {444} 16. Nc3 {22} a6 {513} 17. a4 {171} e6 {347} 18. a5 {32} Ne7 {
207} 19. Na4 {92} Nd5 {282} 20. Be3 {275} Rc6 {483} 21. Nc3 {136} Nb4 {377} 22.
Ba4 {113} Kc7 {101} 23. Bxc6 {107} Nbxc6 {37} 24. Na4 {244} Nc2 {398} 25. Nxc5
{90} Nxa1 {364} 26. Nxe6+ {18} Kd6 {335} 27. Nxg7 {83} Nb3 {7} 28. Nxf5+ {276}
Ke5 {11} 29. Nh6 {110} Rf8 {114} 30. Re1 {181} Kf6 {102} 31. f4 {256} Nbxa5 {27
} 32. g4 {76} Nc4 {13} 33. g5+ {17} Kg6 {27} 34. f5+ {31} Kh5 {184} 35. Bc1 {84
} N6e5 {87} 36. Re4 {352} Nf3+ {168} 37. Kg2 {970} Ncd2 {132} 38. Rf4 {141}
Nh4+ {35} 39. Kg3 {191} Ndf3 {63} 40. Rxf3 {24} Nxf3 {5} 41. Kxf3 {3} Rc8 {438}
42. Be3 {208} Rc4 {489} 43. Ng4 {157} Rc7 {599} 44. Kg3 {63} 1-0

[Event "Championnat de France 2022"]
[Site "ALBI, France"]
[Date "2022.08.19"]
[Round "7.1"]
[White "Bianchi, Guillaume"]
[Black "Prie, Eric"]
[Result "0-1"]
[WhiteElo "2109"]
[BlackElo "2377"]
[PlyCount "52"]
[EventDate "2022.??.??"]

1. d4 {6} d5 {311} 2. c4 {65} dxc4 {6} 3. Nf3 {30} a6 {46} 4. e3 {120} b5 {11}
5. a4 {73} Bb7 {14} 6. b3 {169} e6 {12} 7. axb5 {1464} axb5 {85} 8. Rxa8 {10}
Bxa8 {12} 9. bxc4 {11} bxc4 {11} 10. Qa4+ {413} Nd7 {205} 11. Bxc4 {448} Ngf6 {
179} 12. Nc3 {560} Be7 {1174} 13. O-O {289} O-O {44} 14. Qc2 {262} c5 {205} 15.
Rd1 {202} Bxf3 {273} 16. gxf3 {9} cxd4 {10} 17. Rxd4 {113} Qc7 {117} 18. Be2 {
791} Ne5 {1905} 19. f4 {69} Ng6 {7} 20. Bb2 {75} Nh4 {65} 21. f3 {198} Nf5 {186
} 22. Rd3 {479} Nd5 {60} 23. Rxd5 {109} Nxe3 {7} 24. Qd2 {58} Nxd5 {7} 25. Nxd5
{32} exd5 {15} 26. Qxd5 {49} Qxf4 {92} 0-1

[Event "Championnat de France 2022"]
[Site "ALBI, France"]
[Date "2022.08.19"]
[Round "7.2"]
[White "Rocher, Olivier"]
[Black "Gey, Marc-Emile"]
[Result "1/2-1/2"]
[WhiteElo "1960"]
[BlackElo "1959"]
[PlyCount "128"]
[EventDate "2022.??.??"]

1. d4 {226} d5 {211} 2. c4 {47} e6 {6} 3. Nf3 {24} Nf6 {10} 4. g3 {13} dxc4 {61
} 5. Qa4+ {180} Bd7 {283} 6. Qxc4 {6} Bc6 {5} 7. Bg2 {15} Nbd7 {610} 8. Nc3 {
264} Be7 {572} 9. O-O {14} O-O {5} 10. Qd3 {490} Bb4 {310} 11. Rd1 {750} Bxc3 {
359} 12. bxc3 {33} Be4 {14} 13. Qd2 {709} c5 {545} 14. Bb2 {1141} Rc8 {498} 15.
Ne1 {206} Qb6 {619} 16. f3 {79} cxd4 {35} 17. cxd4 {100} Bc2 {376} 18. Nxc2 {86
} Qxb2 {157} 19. Ne1 {92} Qxd2 {131} 20. Rxd2 {13} Nd5 {6} 21. e4 {222} Ne3 {48
} 22. Bh3 {62} Rfd8 {132} 23. d5 {372} exd5 {371} 24. Rd3 {104} Nc4 {113} 25.
Rxd5 {14} Ncb6 {25} 26. Ra5 {220} a6 {225} 27. Rb1 {290} Rc7 {135} 28. Bxd7 {
140} Nxd7 {7} 29. Rd1 {55} Rdc8 {9} 30. Rad5 {37} Nf8 {6} 31. Rd8 {41} Rc1 {134
} 32. Rxc1 {151} Rxc1 {46} 33. Kf2 {29} g6 {6} 34. Rd2 {63} Ne6 {129} 35. Nd3 {
29} Rh1 {93} 36. Ke3 {10} Ra1 {22} 37. f4 {8} f6 {103} 38. f5 {15} gxf5 {26}
39. exf5 {6} Ng7 {71} 40. g4 {127} Rg1 {22} 41. Nf2 {120} h5 {170} 42. h3 {76}
hxg4 {5} 43. hxg4 {7} b5 {117} 44. Rd8+ {39} Kf7 {38} 45. Rd7+ {113} Kf8 {17}
46. Rd6 {291} Ke7 {150} 47. Rxa6 {25} Ne8 {18} 48. Ne4 {479} Rg2 {413} 49. Ra7+
{92} Kf8 {162} 50. Kf4 {216} Rc2 {39} 51. g5 {54} fxg5+ {73} 52. Kxg5 {164}
Rg2+ {146} 53. Kf4 {45} Rg1 {10} 54. Rb7 {119} Ra1 {106} 55. Nc3 {29} Rf1+ {83}
56. Ke5 {51} Rxf5+ {16} 57. Kxf5 {46} Nd6+ {24} 58. Ke6 {16} Nxb7 {14} 59. Nxb5
{7} Ke8 {27} 60. Nd6+ {30} Nxd6 {16} 61. Kxd6 {6} Kd8 {5} 62. Kc6 {3} Kc8 {6}
63. Kb6 {4} Kb8 {17} 64. Ka6 {9} Ka8 {10} 1/2-1/2

[Event "Championnat de France 2022"]
[Site "ALBI, France"]
[Date "2022.08.19"]
[Round "7.3"]
[White "Toulzac, Pierre_Yves"]
[Black "Veron, Cyprien"]
[Result "1/2-1/2"]
[WhiteElo "2086"]
[BlackElo "1901"]
[PlyCount "30"]
[EventDate "2022.??.??"]

1. Nf3 {8} Nf6 {9} 2. g3 {8} g6 {8} 3. Bg2 Bg7 {10} 4. O-O O-O {25} 5. d3 {80}
d6 6. c4 {80} c5 {26} 7. Nc3 {34} Nc6 {17} 8. a3 {102} a5 {127} 9. Bd2 {137}
Bg4 {201} 10. h3 {30} Bd7 {15} 11. Rb1 {99} Qc8 {115} 12. Kh2 {92} Ra6 {198}
13. b3 {682} Re8 {678} 14. Ne1 {432} Nh5 {488} 15. Nc2 {320} b6 {148} 1/2-1/2

[Event "Championnat de France 2022"]
[Site "ALBI, France"]
[Date "2022.08.19"]
[Round "7.4"]
[White "Goldenberg, Richard"]
[Black "Garrel, Alain"]
[Result "1/2-1/2"]
[WhiteElo "2195"]
[BlackElo "1940"]
[PlyCount "32"]
[EventDate "2022.??.??"]

1. e4 {14} d5 {41} 2. exd5 {9} Qxd5 {5} 3. Nc3 {20} Qd6 {22} 4. d4 {24} Nf6 {49
} 5. Nf3 {30} a6 {73} 6. g3 {28} b5 {153} 7. Bg2 {17} Bb7 {8} 8. O-O {27} e6 {
44} 9. Bf4 {22} Qb6 {31} 10. a4 {27} Bd6 {95} 11. Bxd6 {2391} cxd6 {108} 12.
axb5 {28} axb5 {63} 13. Rxa8 {51} Bxa8 {5} 14. Qe2 {107} b4 {220} 15. Qb5+ {210
} Nbd7 {121} 16. Qxb6 {97} Ng8 {60} 1/2-1/2

[Event "Championnat de France 2022"]
[Site "ALBI, France"]
[Date "2022.08.19"]
[Round "7.5"]
[White "Dussol, Pierre"]
[Black "Champ, Gael"]
[Result "1-0"]
[WhiteElo "2026"]
[BlackElo "2072"]
[PlyCount "79"]
[EventDate "2022.??.??"]

1. Nf3 {5} Nf6 {42} 2. d4 {68} g6 {34} 3. c4 {65} d5 {21} 4. Nc3 {179} Bg7 {26}
5. Bg5 {263} Ne4 {181} 6. cxd5 {88} Nxc3 {177} 7. bxc3 {72} Qxd5 {23} 8. e3 {
251} Nd7 {478} 9. Qa4 {223} c6 {523} 10. Bc4 {797} Nb6 {288} 11. Qa3 {126} Qd6
{26} 12. Qxd6 {36} exd6 {9} 13. Bb3 {111} d5 {226} 14. a4 {228} Bf5 {214} 15.
a5 {375} Nd7 {177} 16. Ke2 {283} O-O {212} 17. Rhc1 {487} Rfe8 {299} 18. Ra2 {
312} Nf8 {434} 19. Bf4 {302} Be4 {313} 20. Kd2 {295} Ne6 {123} 21. Bd6 {96}
Rad8 {142} 22. Bb4 {90} c5 {365} 23. Bxc5 {64} Nxc5 {14} 24. dxc5 {11} Rc8 {24}
25. a6 {48} bxa6 {82} 26. Rxa6 {50} Rxc5 {52} 27. Rxa7 {189} Rec8 {490} 28. Ng5
{84} Rxc3 {409} 29. Rxc3 {39} Bxc3+ {15} 30. Ke2 {33} Rb8 {172} 31. Nxe4 {172}
dxe4 {54} 32. Bxf7+ {55} Kf8 {54} 33. g4 {81} Rb2+ {234} 34. Kf1 {15} Rb1+ {39}
35. Kg2 {7} Rb2 {6} 36. Bd5 {38} Be1 {23} 37. Rf7+ {90} Ke8 {15} 38. Kf1 {112}
Bc3 {Ke2 Rb1 280 3} 39. Ra7 {5} Kf8 {4} 40. Bf7 {Rb2+ f4 8} 1-0

[Event "Championnat de France 2022"]
[Site "ALBI, France"]
[Date "2022.08.20"]
[Round "8.1"]
[White "Prie, Eric"]
[Black "Rocher, Olivier"]
[Result "1-0"]
[WhiteElo "2377"]
[BlackElo "1960"]
[PlyCount "81"]
[EventDate "2022.??.??"]

1. d4 {7} Nf6 {7} 2. Nf3 {29} d5 {178} 3. Bf4 {115} Bf5 {100} 4. e3 {433} e6 {
32} 5. c4 {626} Bxb1 {695} 6. Qxb1 {118} Bb4+ {30} 7. Kd1 {6} Ne4 {218} 8. Qc2
{12} Bd6 {465} 9. Bxd6 {473} cxd6 {222} 10. cxd5 {382} exd5 {75} 11. Bd3 {111}
Nf6 {427} 12. g4 {1462} h6 {300} 13. Ke2 {80} Nc6 {547} 14. Qb3 {157} Qb6 {196}
15. Qxb6 {87} axb6 {91} 16. h3 {99} g6 {207} 17. a3 {17} Ne4 {133} 18. Rac1 {
100} Kd7 {98} 19. Rc2 {245} Rhc8 {122} 20. Rhc1 {32} Na7 {282} 21. Ne1 {101}
Rc6 {226} 22. f3 {99} Ng5 {22} 23. h4 {172} Ne6 {50} 24. f4 {29} Re8 {58} 25.
Kd2 {88} Nc7 {84} 26. Be2 {191} Rxc2+ {125} 27. Nxc2 {67} Nc6 {57} 28. b3 {494}
Na5 {101} 29. Kc3 {31} Nc6 {112} 30. Rh1 {51} f6 {252} 31. Bd3 {99} Ne7 {17}
32. h5 {42} g5 {22} 33. fxg5 {49} fxg5 {8} 34. Rf1 {7} Ke6 {12} 35. Kd2 {80}
Rg8 {49} 36. a4 {85} Ne8 {26} 37. Na3 {116} Nf6 {101} 38. Rg1 {28} Rf8 {62} 39.
Rg2 {52} Ne4+ {53} 40. Ke2 {9} Kd7 {118} 41. Nb5 {24} 1-0

[Event "Championnat de France 2022"]
[Site "ALBI, France"]
[Date "2022.08.20"]
[Round "8.3"]
[White "Ricter, Jean-Paul"]
[Black "Dussol, Pierre"]
[Result "1-0"]
[WhiteElo "2036"]
[BlackElo "2026"]
[PlyCount "90"]
[EventDate "2022.??.??"]

1. e4 {7} c5 {24} 2. d4 {53} cxd4 {53} 3. c3 {62} Nf6 {260} 4. e5 {39} Nd5 {11}
5. Qxd4 {31} e6 {88} 6. Nf3 {101} Nc6 7. Qe4 {44} f5 {364} 8. Qe2 {44} Qc7 {118
} 9. g3 {464} b6 {612} 10. Bg2 {281} a5 {346} 11. O-O {508} Ba6 {36} 12. c4 {79
} a4 {193} 13. b3 {656} Bc5 {473} 14. Bb2 {493} O-O {249} 15. Qd1 {885} Nde7 {
54} 16. Na3 {488} axb3 {606} 17. axb3 Ng6 {153} 18. Re1 f4 {359} 19. Rc1 fxg3 {
178} 20. hxg3 {572} Rf7 {56} 21. Nb5 {20} Bxb5 {75} 22. cxb5 {9} Nb4 {42} 23.
Re4 {351} Ra2 {189} 24. Bd4 {100} Qa7 {170} 25. Bxc5 {328} bxc5 {24} 26. Qd6 {
42} Qb7 {363} 27. Nd2 {189} Nd5 {138} 28. Nf3 {279} Nc3 {133} 29. Ree1 {133}
Nxb5 {225} 30. Qxc5 {107} Qa7 {60} 31. Qxa7 {52} Nxa7 {11} 32. Ra1 {32} Rxa1 {
34} 33. Rxa1 Nc6 {26} 34. Ng5 {100} Rf5 {34} 35. f4 {47} Ncxe5 {72} 36. Be4 {60
} Rxg5 {110} 37. fxg5 {12} Ne7 {17} 38. b4 {64} d5 {34} 39. Bg2 Kf7 {158} 40.
b5 {84} Nc4 41. Bf1 {67} Nb6 {17} 42. Ra7 {73} Kf8 {81} 43. Rb7 {55} Na4 {482}
44. b6 {236} Nc5 {460} 45. Rc7 {117} Na6 {91} 1-0

[Event "Championnat de France 2022"]
[Site "ALBI, France"]
[Date "2022.08.20"]
[Round "8.5"]
[White "Moingt, Jean-Claude"]
[Black "Bonnafous, Michel"]
[Result "1-0"]
[WhiteElo "2105"]
[BlackElo "1899"]
[PlyCount "89"]
[EventDate "2022.??.??"]

1. e4 {10} e5 {14} 2. Nf3 {102} Nc6 {6} 3. Bb5 {33} a6 {7} 4. Ba4 {5} Nf6 {10}
5. d4 {10} exd4 {666} 6. O-O {20} Be7 {159} 7. e5 {40} Ne4 {28} 8. Nxd4 {253}
Nxd4 {332} 9. Qxd4 {42} Nc5 {8} 10. Nc3 {419} O-O {116} 11. Nd5 {265} Nxa4 {276
} 12. Qxa4 {15} d6 {453} 13. Nxe7+ {1225} Qxe7 {2} 14. exd6 {8} Qxd6 {22} 15.
Bf4 {17} Qc5 {316} 16. Rfe1 {236} b5 {279} 17. Qe4 {246} Be6 {55} 18. Rad1 {122
} Rad8 {333} 19. Be3 {182} Qc4 {404} 20. Qxc4 {148} bxc4 {269} 21. Bc5 {1125}
Rfe8 {32} 22. f3 {87} h6 {233} 23. g4 {154} Rb8 {378} 24. Bd4 {35} Rb5 {429}
25. Bc3 {23} f5 {174} 26. a4 {87} Rbb8 {5} 27. h3 {200} fxg4 {27} 28. hxg4 {2}
Kf7 {182} 29. Re5 {158} Red8 {80} 30. Rde1 {62} Rb6 {48} 31. f4 {81} Rd7 {65}
32. f5 {38} Bd5 {23} 33. Kf2 {79} Rb8 {150} 34. Kg3 {48} c6 {43} 35. f6 {148}
gxf6 {114} 36. Rf5 {2} Kg6 {28} 37. Rxf6+ {10} Kh7 {2} 38. Re2 {55} Rg8 {19}
39. Rh2 {109} Rg6 {37} 40. Rf8 {12} Bg8 {28} 41. Rh5 {336} Rd5 {52} 42. Kf4 {
162} Rxh5 {56} 43. gxh5 Rg1 {101} 44. Rc8 {75} Rg5 {271} 45. Rc7+ {18} 1-0

[Event "Championnat de France 2022"]
[Site "ALBI, France"]
[Date "2022.08.21"]
[Round "9.1"]
[White "Ricter, Jean-Paul"]
[Black "Prie, Eric"]
[Result "1/2-1/2"]
[WhiteElo "2036"]
[BlackElo "2377"]
[PlyCount "32"]
[EventDate "2022.??.??"]

1. e4 {15} d5 {13} 2. exd5 {24} Qxd5 {8} 3. Nc3 {9} Qa5 {9} 4. Bc4 {19} Nf6 {14
} 5. d3 {12} Bg4 {10} 6. Nge2 {99} Nc6 {770} 7. O-O {361} O-O-O {359} 8. Bd2 {
381} e6 {1130} 9. Nb5 {1366} Qb6 {13} 10. a4 {137} Qc5 {514} 11. Qe1 {213} Bxe2
{349} 12. Qxe2 {209} a6 {6} 13. Be3 {44} Qf5 {21} 14. Bd2 {24} Nd4 {13} 15. Nc3
Qa5 {22} 16. Qe1 {29} Nc6 {2} 1/2-1/2

[Event "Championnat de France 2022"]
[Site "ALBI, France"]
[Date "2022.08.21"]
[Round "9.2"]
[White "Goldenberg, Richard"]
[Black "Moingt, Jean-Claude"]
[Result "1/2-1/2"]
[WhiteElo "2195"]
[BlackElo "2105"]
[PlyCount "71"]
[EventDate "2022.??.??"]

1. d4 {7} Nf6 {17} 2. c4 {3} c5 {36} 3. d5 {7} b5 {7} 4. Nf3 {27} g6 {219} 5.
Qc2 {20} bxc4 {136} 6. e4 {34} d6 {7} 7. Bxc4 {31} Bg7 {39} 8. O-O {51} O-O {15
} 9. Re1 {42} Nbd7 {581} 10. h3 {315} Nb6 {176} 11. Na3 {240} Nxc4 {319} 12.
Nxc4 {60} Ba6 {45} 13. Rb1 {1155} Bxc4 {236} 14. Qxc4 {18} Nd7 {38} 15. Bd2 {
471} a5 {779} 16. Bc3 {76} Qc7 {391} 17. Bxg7 {191} Kxg7 {17} 18. Qc3+ {23} Kg8
{9} 19. h4 {74} Nf6 {388} 20. Rbd1 {15} Qb7 {448} 21. Qd2 {735} Qb4 {106} 22.
e5 {1051} dxe5 {270} 23. Nxe5 {274} Qxh4 {348} 24. Nf3 {327} Qb4 {131} 25. Rxe7
{22} Qxd2 {510} 26. Rxd2 {9} Rfd8 {10} 27. d6 {97} Ra6 {69} 28. Ne5 {149} Raxd6
{77} 29. Rxd6 {24} Rxd6 {4} 30. Nxf7 {51} Rd1+ {149} 31. Kh2 {2} Kf8 {383} 32.
Ra7 {156} Rd7 {21} 33. Rxd7 {69} Nxd7 {6} 34. Ng5 {50} h6 {35} 35. Ne4 {67} Ke7
{8} 36. Kg3 {25} 1/2-1/2

[Event "Championnat de France 2022"]
[Site "ALBI, France"]
[Date "2022.08.21"]
[Round "9.3"]
[White "Bianchi, Guillaume"]
[Black "Capron, Daniel"]
[Result "1-0"]
[WhiteElo "2109"]
[BlackElo "2054"]
[PlyCount "73"]
[EventDate "2022.??.??"]

1. d4 {4} d5 {10} 2. c4 {13} e6 {12} 3. Nc3 {50} a6 {25} 4. cxd5 {30} exd5 {7}
5. Nf3 {109} Nf6 {203} 6. Bg5 {27} Be6 {274} 7. e3 {100} Bd6 {192} 8. Bd3 {463}
c6 {393} 9. O-O {287} h6 {233} 10. Bh4 {123} Nbd7 {44} 11. Bg3 {174} Bxg3 {191}
12. hxg3 {93} Qc7 {134} 13. Rc1 {413} O-O {267} 14. b4 {174} Qd6 {133} 15. Qc2
{382} Rfc8 {643} 16. Na4 {270} b5 {479} 17. Nc5 {15} Nb6 {512} 18. Rfd1 {762}
Bg4 {135} 19. Re1 {108} Bxf3 {42} 20. gxf3 {4} Nc4 {77} 21. Qc3 {210} Re8 {141}
22. e4 {163} Nd7 {410} 23. e5 {76} Qc7 {6} 24. Bb1 {389} Nxc5 {84} 25. bxc5 {3}
Qd8 {887} 26. f4 {142} g6 {100} 27. Kg2 {216} Kg7 {395} 28. f5 {125} Qg5 {48}
29. f4 {385} Qg4 {49} 30. f6+ {214} Kf8 {48} 31. Bd3 {25} Reb8 {108} 32. Qc2 {
112} Ke8 {46} 33. Qf2 {166} Kd7 {19} 34. f5 {38} Kc7 {65} 35. fxg6 {11} fxg6 {9
} 36. e6 {35} Re8 {55} 37. e7 {308} 1-0

[Event "Championnat de France 2022"]
[Site "ALBI, France"]
[Date "2022.08.21"]
[Round "9.4"]
[White "Bureau, Frederic"]
[Black "Garrel, Alain"]
[Result "1/2-1/2"]
[WhiteElo "2003"]
[BlackElo "1940"]
[PlyCount "34"]
[EventDate "2022.??.??"]

1. d4 {3} Nf6 {39} 2. Bg5 {14} b5 {58} 3. Bxf6 {225} exf6 {93} 4. e4 {359} a6 {
163} 5. Nf3 {197} d5 {547} 6. exd5 {268} Qxd5 {119} 7. Bd3 {41} Bd6 {329} 8.
Qe2+ {347} Qe6 {638} 9. Be4 {494} Ra7 {178} 10. Nc3 {342} O-O {124} 11. O-O {
358} b4 {585} 12. Bd5 {498} Qf5 {118} 13. Be4 {6} Qe6 {18} 14. Na4 {72} Bd7 {50
} 15. d5 {621} Qg4 {559} 16. b3 {386} Re8 {575} 17. Rfe1 {12} g6 {721} 1/2-1/2